000 00203 a2200109 4500
020 _a9781581054033
041 _aspa
100 _aAlma Flor Ada
245 _aAnton Pirulero
942 _cBK
952 _71
999 _c19484
_d19484